Loading...
| Current Events | 3 | 16.67 | 67% | 67% | 33% |
| Fine Arts - Classical Music | 10 | 19.00 | 100% | 70% | 40% |
| Fine Arts - Other Fine Arts | 8 | 21.25 | 100% | 75% | 38% |
| Fine Arts - Painting & Sculpture | 12 | 17.50 | 100% | 67% | 8% |
| Geography | 3 | 20.00 | 100% | 67% | 33% |
| History - American History | 11 | 17.27 | 100% | 82% | 9% |
| History - European History | 6 | 18.33 | 100% | 67% | 17% |
| History - Other History | 10 | 17.00 | 100% | 60% | 10% |
| History - World History | 13 | 16.15 | 92% | 54% | 15% |
| Literature - American Literature | 12 | 19.17 | 100% | 75% | 17% |
| Literature - British Literature | 7 | 15.71 | 86% | 86% | 0% |
| Literature - European Literature | 8 | 17.50 | 100% | 75% | 13% |
| Literature - World Literature | 12 | 17.50 | 100% | 67% | 8% |
| Mythology | 4 | 12.50 | 100% | 25% | 0% |
| Other Academic | 7 | 17.14 | 100% | 57% | 14% |
| Philosophy | 8 | 20.00 | 100% | 88% | 13% |
| Religion | 9 | 17.78 | 100% | 67% | 11% |
| Science - Biology | 10 | 16.00 | 90% | 50% | 20% |
| Science - Chemistry | 12 | 17.50 | 92% | 75% | 8% |
| Science - Other Science | 7 | 20.00 | 100% | 86% | 14% |
| Science - Physics | 11 | 15.45 | 100% | 36% | 18% |
| Social Science | 11 | 20.91 | 100% | 73% | 36% |